000 00264nam a22001217a 4500
008 170907b xxu||||| |||| 00| 0 eng d
041 _aeng
080 _a72
100 _a41
101 _aARK
245 _aSTRENGHT OF MATERIALS
_cTIMOSHENKO.S
942 _2udc
_cBK
999 _c26472
_d26472